<?xml version="1.0" encoding="UTF-8"?>
<marc:record xmlns:marc="http://www.loc.gov/MARC21/slim">
   <marc:leader>00000nam a2200000 a 4500</marc:leader>
   <marc:datafield ind1="1" ind2=" " tag="100">
      <marc:subfield code="a">Lucas, Lilly</marc:subfield>
      <marc:subfield code="4">aut</marc:subfield>
      <marc:subfield code="e">Verfasser/-in</marc:subfield>
   </marc:datafield>
   <marc:datafield ind1="0" ind2="0" tag="245">
      <marc:subfield code="a">A place to belong</marc:subfield>
   </marc:datafield>
   <marc:datafield ind1="0" ind2="0" tag="245">
      <marc:subfield code="b">Roman</marc:subfield>
   </marc:datafield>
   <marc:datafield ind1=" " ind2="1" tag="264">
      <marc:subfield code="b">Knaur Taschenbuch</marc:subfield>
      <marc:subfield code="c">2023</marc:subfield>
   </marc:datafield>
   <marc:datafield ind1="1" ind2=" " tag="490">
      <marc:subfield code="a">Cherry Hill</marc:subfield>
   </marc:datafield>
   <marc:datafield ind1="1" ind2=" " tag="520">
      <marc:subfield code="a">Als die Journalistin Maggy Gardner auf Cherry Hill eintrifft, wird sie von den McCarthy-Schwestern mit offenen Armen empfangen: Sie soll für mehr Publicity für das neue Baumhaus-Hotel sorgen. Flynn, der die gemütlichen Baumhäuser auf der Farm entworfen hat, soll ihr gleich alles zeigen. Obwohl Flynn Journalisten nicht ausstehen kann, beginnt es zwischen ihm und Maggy bald zu knistern. Ehe sie es sich versieht, fühlt sich Maggy auf Cherry Hill wie zu Hause. Wie soll sie Flynn und den McCarthy-Schwestern, die sie ins Herz geschlossen hat, jetzt noch die Wahrheit sagen: warum sie wirklich hergekommen ist...</marc:subfield>
   </marc:datafield>
   <marc:datafield ind1=" " ind2=" " tag="020">
      <marc:subfield code="a">9783426528631</marc:subfield>
      <marc:subfield code="9">9783426528631</marc:subfield>
   </marc:datafield>
</marc:record>
